Click the actor to most famous movie - Statistics

General Stats
  • This quiz has been taken 390 times
  • The average score is 13 of 15
Answer Stats
Hint Answer % Correct
Johnny Depp Pirates of the Caribbean
99%
Leonardo DCaprio Titanic
98%
Daniel Radcliffe Harry Potter
96%
Robert Downey Junior Iron Man
93%
Jennifer Lawrence Hunger Games
92%
Daniel Craig James Bond
90%
Meryl Streep The Devil wears Prada
90%
Chadwick Boseman Black Panther
88%
Emma Stone La La Land
87%
Rami Malek Bohemian Rhapsody
84%
Matthew McConaughey Interstellar
79%
Chris Pratt Jurassic World
78%
Austin Butler Elvis
76%
Tom Hardy Venom
71%
Sam Worthington Avatar
70%
No matching quizzes found
Score Distribution
Percent of People with Each Score
Percentile by Number Answered
Your Score History
You have not taken this quiz